| 000 | 00592nam a2200181Ia 4500 | ||
|---|---|---|---|
| 008 | 100920s9999 xx 000 0 und d | ||
| 082 |
_b106477 _a891.43 न 08 |
||
| 100 | _aसिन्हा गीता. | ||
| 245 | _aप्रेम की प्रतीत. | ||
| 260 |
_bराही प्रकाशन,दिल्ली. _c2008 |
||
| 300 |
_a159 _bसाधी |
||
| 365 | _b250 | ||
| 520 | _aहिंदी. | ||
| 630 | _aप्रेम की प्रतीत. | ||
| 650 | _aहिंदी. | ||
| 730 | _aप्रेम की प्रतीत. | ||
| 942 | _cBOOK | ||
| 999 |
_c746908 _d746905 |
||